000
00275nam a2200121Ia 4500
008
190216s9999||||xx |||||||||||||| ||und||
100
_a
Kunchan Nambiar
245
0
_a
Sabha Pravesam
260
_b
Vidyarthimithram
_c
1975
300
_a
62p
650
_a
Kavithkal
942
_c
BK
999
_c
25789
_d
25789